000 01065nam a22002777a 4500
999 _c88800
_d88800
005 20230309124029.0
010 _a1516EN07 ENG-110899 ENG-136364
020 _a9789351432487
_c495.00
035 _aEN-94431
035 _aEN-119896
035 _aB-611551-576
035 _aB-663865
037 _bDBAD/PUB
037 _bUBH/Ven
_aDPL
037 _bBookwell
_aDpl
082 _a346.54086
100 _aRastogi, Sachin
245 _aInsurance law and principles /
_cby Sachin Rastogi
260 _aGurgaon
_bLexis Nexis
_c2014
270 _a14th Floor, Building No.10, Tower-B, DLF Cyber City, Phase-II
_bGurgaon
_e122002
300 _axxxii,556p.
_c25cm(pbk)
500 _aIncludes index
942 _2ddc
_cEN
_mRAS
_h346.54086